00421nam a2200157Ia 4500003000400000008004100004040001600045082001300061100001400074245007700088260004200165300000800207650001900215650000800234650002100242GCL140319s9999 xx 000 0 eng d aGCL / cGCL04a759bC I1 aCLARK.T.J10aIMAGE OF THEPEOPLE?:?GUSTAVE COURBET AND 1848 REVOLUT I'ON / cCLARK.T.J a[S.N] : bTHAMES AND HUDSON ، c1988 a20804aSOCIAL HISTORY04aART04aCOURBET, GUSTAVE